000 00731nam a2200241Ia 4500
003 OSt
005 20221007082131.0
006 a|||||r|||| 00| 0
007 ta
008 221006b |||||||| |||| 00| 0 eng d
024 _a14,289
037 _cTextual
040 _aFLL
_cFLL
_beng
041 _2eng
_aeng
082 _aX:517:Z73, L4
110 _aGovt. of U.S.A.
_9683227
245 0 _aHearings before the subcommittee on antitrust and monopoly of the committee on the judiciary united states senate
260 _aWashington
_bU.S.Govt. printing office U.S.A.
_c1974
300 _a1437p
_ccm.
700 _aGovt. of U.S.A.
_9683228
942 _hX:517:Z73, L4
_cTEXL
_2CC
999 _c1165438
_d1165438